| 000 | 00365nam a22000977a 4500 | ||
|---|---|---|---|
| 082 |
_a348.5491046 _bPAK |
||
| 245 |
_aPakistan Annual Law Digest 1980: _ba yearly publications containing digest of cases and statutes reported in all the legal journals during the year / |
||
| 260 |
_aLahore : _bPLD Publishers, _c1980. |
||
| 300 |
_a1544 p. ; _c24 cm. |
||
| 942 |
_2ddc _cCR _s1 |
||
| 999 |
_c593113 _d593113 |
||